Štúdium procesu autofágie v živočíšnych bunkách vo vzťahu k zmenám v homeostáze Ca2+ a metabolizmu komplexných lipidov.

Saved in:
Bibliographic Details
Main Author: Turáková, Katarína (Author)
Other Authors: Lakatoš, Boris (Thesis advisor)
Format: Manuscript Book
Language:Slovak
Published: 2015
Subjects:
Online Access:http://is.stuba.sk/zp/portal_zp.pl?podrobnosti=82501
Tags: Add Tag
No Tags, Be the first to tag this record!

MARC

LEADER 00000ntm a22000003a 4500
001 stuzp23238
003 SK-STU
005 20160719152842.1
007 ta
008 150427s2015----xo-----f-mn---000-0-slo-d
040 |a STU  |b slo 
041 0 |a slo 
100 1 |a Turáková, Katarína  |u 043260  |4 aut  |U FCHPT Ústav biochémie, výživy a ochrany zdravia  |T FCHPT Oddelenie biochémie a mikrobiológie  |X 26866  |U C3260  |Y 113  |7 A000026866 
242 0 1 |a The study of autophagy in animal cells and its relationship to changes in Ca2+ homeostasis and metabolism of complex lipids  |y eng 
245 1 0 |a Štúdium procesu autofágie v živočíšnych bunkách vo vzťahu k zmenám v homeostáze Ca2+ a metabolizmu komplexných lipidov. 
260 |c 2015 
650 4 |a myšacie tymocyty  |2 slo 
650 4 |a L1210 bunky  |2 slo 
650 4 |a P-glykoproteín  |2 slo 
650 4 |a bunková smrť  |2 slo 
650 4 |a glukozylceramid syntáza  |2 slo 
650 4 |a mice thymocytes  |2 eng 
650 4 |a L1210 cells  |2 eng 
650 4 |a glucosylceramide synthase  |2 eng 
650 4 |a P-glycoprotein  |2 eng 
650 4 |a cell death  |2 eng 
700 1 |a Lakatoš, Boris  |4 ths  |X 4011  |7 A000004011 
856 4 |u http://is.stuba.sk/zp/portal_zp.pl?podrobnosti=82501 
SQL |a stuzp23238  |b DDZ  |c SLO  |d Štúdium procesu autofágie v živočíšnych bunkách vo vzťahu k zmenám v homeostáze Ca2+ a metabolizmu komplexných lipidov.  |e 26866  |f Turáková, Katarína  |g 043260  |h 4011  |i Lakatoš, Boris  |j 20150825  |k 133  |l 04  |m http://is.stuba.sk/zp/portal_zp.pl?podrobnosti=82501  |n D-BICH  |o 4.1.22. biochémia